01865nam a2200409 i 4500003000900000005001700009007000300026008004100029020001800070040003000088082003000118110003300148240001900181245035900200250001200559264005000571300002800621336002700649337003300676338002900709590002600738650006300764650007000827650004000897650002400937650004600961650004701007651006301054700003001117700004601147740002601193740003601219910001501255942001401270952015401284999001701438DO-SdBNP20251124091422.0ta240216b2007 dr ||||| |||| 00| 0 dr d a9789993444015 aDO-SdBNPbspacBNPHUerda 4a347.7293bR426c, 20072221 aRepública Dominicana.944710aCódigo Civil10aCódigo civil República Dominicana, legislación complementaria :bactualizado con la Ley 189-01 que mod. 11 arts. y deroga 28 arts. y ley 136-03 (nuevo código del menor), revisada y actualizada la Ley 659 y leyes 5038; 1024 y otros con Ley 108-05. Constitución 2002. Código de ética del abogado /cJuan Pablo Acosta, Trajano Vidal Potentini. a15a ed. aMoca, República Dominicana :bDalis,c2007. a516 páginas ;c22 cm. 2rdacontentatextobtxt 2rdamediaasin mediaciónbn 2rda carrieravolumenbnc aInventariado, 2024/BT 4aDerecho civilxLegislaciónzRepública Dominicana96943 4aProcedimiento civilxLegislaciónzRepública Dominicana911714 4aLeyeszRepública Dominicana93033 0aÉtica legal96420 4aÉtica profesionalxLegislación911715 4aAbogadosxResponsabilidad profesional9841 4aRepública DominicanaxConstitución (2002{Rpara}9105141 aAcosta, Juan Pablo9117161 aPotentini Adames, Trajano Vidal‏97357712aConstitución (2002)12aCódigo de ética del abogado aBtavárez 2ddccLBS1 00102ddc51708PDaBNPHUbBNPHUcCTd2024-02-16eDonado por Laura Pujolsl0oBNPHU PD 347.7293 R426c, 2007p2024-1121r2024-02-16w2024-02-16yLBS1 c55960d55960